A chicala não é um Bairro Pequeno (Record no. 633)

MARC details
000 -LEADER
fixed length control field 00494nam a2200181Ia 4500
003 - CONTROL NUMBER IDENTIFIER
control field 0OSt
005 - DATE AND TIME OF LATEST TRANSACTION
control field 20260320101438.0
008 - FIXED-LENGTH DATA ELEMENTS--GENERAL INFORMATION
fixed length control field 240810s9999 xx 000 0 und d
020 ## - INTERNATIONAL STANDARD BOOK NUMBER
International Standard Book Number 978-989-20-2800-2
040 ## - CATALOGING SOURCE
Original cataloging agency Biblioteca Geral-Universidade Lusíada de Angola
Transcribing agency BULA
082 ## - DEWEY DECIMAL CLASSIFICATION NUMBER
Standard or optional designation 10(1)
Classification number 327
100 ## - MAIN ENTRY--PERSONAL NAME
Personal name MOREIRA ,Paulo
9 (RLIN) 1004
245 #2 - TITLE STATEMENT
Title A chicala não é um Bairro Pequeno
300 ## - PHYSICAL DESCRIPTION
Extent 104p
650 ## - SUBJECT ADDED ENTRY--TOPICAL TERM
Topical term or geographic name entry element Relaçoes Internacionais
700 ## - ADDED ENTRY--PERSONAL NAME
Personal name Paulo Moreira
942 ## - ADDED ENTRY ELEMENTS (KOHA)
Koha item type Livros
Source of classification or shelving scheme Dewey Decimal Classification
Holdings
Withdrawn status Lost status Source of classification or shelving scheme Damaged status Not for loan Home library Current library Date acquired Inventory number Total Checkouts Full call number Barcode Date last seen Price effective from Koha item type
    Dewey Decimal Classification     Biblioteca Geral- Universidade Lusíada de Angola Biblioteca Geral- Universidade Lusíada de Angola 20/03/2026 10-1   327 2026-0071 20/03/2026 20/03/2026 Livros